00685nam a2200157 a 450000100100000000500170001000800410002704000250006808200150009324501840010826000710029230000250036304900090038895201130039799900170051000002932020200930055456.0110414s1987 dr 000 0 spa d aDO-SdBNPbspacBNPHU axxxxbI39s00aIndicadores socio demográficos básicos de la República Dominicana al período 1980-1985 y estimación de algunos indicadores socio-económicos y demográficos 1986-1990. aSanto Domingo :bConsejo Nacional de Población y Familia,c1987. a57 p. :bil., retrs. aBNPD 0010718PDaPDbPDcCTd2011-04-14iLF1l0oxxxx I39sp29320-10r2020-06-25w2020-06-25yLFPDZNo se presta c28812d28812